[Event "Druzynowe Mistrzostwa Polski - II liga"]
[Site "Dom Wczasowy VIS Jastrzebia Gora"]
[Date "1899-12-30"]
[Round "3.104"]
[White "Grzesik, Norbert"]
[Black "Gola, Karol"]
[Result "1/2-1/2"]
[WhiteTitle "I++"]
[BlackTitle "k"]
[WhiteElo "1983"]
[BlackElo "2148"]

1. e4 c5 2. Nf3 e6 3. d4 cxd4 4. Nxd4 a6 5. Bd3 Nf6 6. O-O Qc7 7. Qe2 d6 8. c4
g6 9. Nc3 Bg7 10. Be3 O-O 11. Rac1 b6 12. b4 Bb7 13. Nb3 Nc6 14. Nd5 exd5 15.
cxd5 Qd7 16. dxc6 Bxc6 17. Bxb6 Qb7 18. Na5 Qxb6 19. Nxc6 Rfe8 20. Rfe1 Nd5 21.
Qd2 Ne7 22. Nxe7+ Rxe7 23. Rc4 Rc7 24. Rec1 Rac8 25. Rxc7 Rxc7 26. Rxc7 Qxc7 27.
Bxa6 Qc3 28. Qxc3 Bxc3 29. b5 Ba5 30. Kf1 Kf8 31. Ke2 Ke7 32. Kd3 Kd7 33. Bb7
Kc7 34. Bc6 Bb6 35. f4 Bg1 36. h3 Bh2 37. Ke3 Kb6 38. g4 f6 39. g5 fxg5 40. fxg5
Be5 41. Be8 Bb2 42. Kf4 Bc1+ 43. Kg4 Bd2 44. h4 Kc5 45. Bf7 Kxb5 46. Bg8 h6 47.
gxh6 Bxh6 48. Bf7 Kc6 49. Bxg6 Kd7 50. Kf5 Ke7 51. Bh5 Bd2 52. Be2 Kf7 53. h5
Bb4 54. a4 Kg7 55. Ke6 Kh6 1/2-1/2

[Event "Druzynowe Mistrzostwa Polski - II liga"]
[Site "Dom Wczasowy VIS Jastrzebia Gora"]
[Date "1899-12-30"]
[Round "3.105"]
[White "Duda, Lukasz"]
[Black "Rymaszewski, Dariusz"]
[Result "1/2-1/2"]
[WhiteTitle "k++"]
[BlackTitle "k"]
[WhiteElo "2115"]
[BlackElo "2050"]

1. d4 Nf6 2. Bf4 c5 3. e3 Qb6 4. b3 Nd5 5. Bxb8 Rxb8 6. c4 Nf6 7. Nf3 g6 8. Nc3
Bg7 9. Rc1 O-O 10. Be2 d6 11. O-O Rd8 12. d5 Qa5 13. Qc2 a6 14. a4 Bd7 15. e4
Ng4 1/2-1/2

[Event "Druzynowe Mistrzostwa Polski - II liga"]
[Site "Dom Wczasowy VIS Jastrzebia Gora"]
[Date "1899-12-30"]
[Round "3.106"]
[White "Paprocki, Artur"]
[Black "Kalmuk, Krzysztof"]
[Result "0-1"]
[WhiteTitle "I"]
[BlackTitle "I++"]
[WhiteElo "1800"]
[BlackElo "1997"]

1. c4 Nf6 2. Nc3 c5 3. e4 Nc6 4. g3 g6 5. Bg2 Bg7 6. Nge2 d6 7. O-O O-O 8. a3 Ne8
9. Rb1 Nc7 10. b4 Ne6 11. b5 Ncd4 12. d3 Nxe2+ 13. Nxe2 Nd4 14. Nxd4 Bxd4 15.
Bh6 Re8 16. Qd2 a6 17. a4 axb5 18. axb5 b6 19. Be3 Bxe3 20. Qxe3 Bb7 21. Ra1 Qd7
22. Qd2 e6 23. d4 Qc7 24. d5 exd5 25. exd5 Rxa1 26. Rxa1 Bc8 27. Re1 Qd8 28. Rxe8+
Qxe8 29. Qe3 Qxe3 30. fxe3 Kg7 31. Kf2 Kf6 32. e4 Ke5 33. Ke3 Bg4 34. Bf1 Bd1
35. Bd3 g5 36. Kd2 Bf3 37. Ke3 Bg2 38. Bc2 Bf1 39. Bb3 h6 40. Ba2 Bg2 41. Bb1
Bf1 42. Ba2 f5 43. exf5 Kxf5 44. Kf2 Bd3 45. Ke3 Bc2 46. Kf3 h5 47. Ke3 Kg4 48.
Kf2 Kh3 49. Kg1 h4 50. gxh4 Kxh4 51. Kg2 Kg4 52. Kf2 Kh3 53. Kg1 g4 54. Kh1 g3
55. hxg3 Kxg3 0-1

[Event "Druzynowe Mistrzostwa Polski - II liga"]
[Site "Dom Wczasowy VIS Jastrzebia Gora"]
[Date "1899-12-30"]
[Round "3.107"]
[White "Pisarek, Elzbieta"]
[Black "Korosciel, Aneta"]
[Result "1/2-1/2"]
[WhiteTitle "I++"]
[BlackTitle "m"]
[WhiteElo "1788"]
[BlackElo "1956"]

1. e4 d6 2. d4 Nf6 3. Nc3 c6 4. f4 Qa5 5. Bd3 e5 6. Nf3 exd4 7. Nxd4 g6 8. O-O
Bg7 9. Kh1 O-O 10. f5 b5 11. Qe1 b4 12. Nce2 Bb7 13. Qh4 Nbd7 14. fxg6 hxg6 15.
Bg5 c5 16. Nb3 Qc7 17. Nd2 d5 18. exd5 Nxd5 19. Nc4 Ne5 20. Bf4 Nxf4 21. Qxf4
Qc6 22. Rf2 Nxd3 23. cxd3 Qd5 24. Qg3 Rad8 25. Nf4 Qd4 26. Raf1 Bh6 27. Qh4 Bxf4
28. Rxf4 Qxd3 29. Qf6 Rd4 30. Ne5 Rxf4 31. Qxf4 Qe4 32. Qxe4 Bxe4 33. Nd7 Bd3
34. Rd1 c4 35. Nxf8 Kxf8 36. Kg1 Ke7 37. Kf2 Bf5 38. Rd4 Be6 39. Ke3 a5 40. Kd2
c3+ 41. bxc3 bxc3+ 42. Kxc3 Bxa2 43. Ra4 Bd5 44. g3 Kf6 45. Kd4 Be6 46. Rxa5 Bf5
47. h4 Bg4 48. Ke4 Kg7 49. Kf4 Bd1 50. Ra7 Kf6 51. Ra6+ Kg7 52. Kg5 Be2 53. Rb6
Bc4 54. g4 Bd5 55. Rf6 Bc4 56. Rf2 Bd5 57. h5 gxh5 58. gxh5 Kh7 59. h6 Bc4 60.
Rf4 Bb3 61. Rf1 Bc4 62. Rf2 Bb3 1/2-1/2

[Event "Druzynowe Mistrzostwa Polski - II liga"]
[Site "Dom Wczasowy VIS Jastrzebia Gora"]
[Date "1899-12-30"]
[Round "3.109"]
[White "Borgula, Rafal"]
[Black "Miturova, Magdalena"]
[Result "1-0"]
[WhiteTitle "FM"]
[BlackTitle "WIM"]
[WhiteElo "2201"]
[BlackElo "2219"]

1. d4 Nf6 2. c4 e6 3. a3 b6 4. Nc3 Bb7 5. d5 exd5 6. cxd5 Bd6 7. Nf3 Qe7 8. g3
a5 9. Bg2 Na6 10. O-O Nc5 11. Nd4 g6 12. Ndb5 O-O 13. Nxd6 cxd6 14. Bg5 Qe5 15.
Bf4 Qe7 16. Rc1 a4 17. Qd4 Nh5 18. Bh6 Rfb8 19. Qe3 Qe5 20. Rfe1 Ra5 21. Rcd1
Re8 22. Rd4 Nf6 23. Qxe5 dxe5 24. Rb4 Ra6 25. Nb5 Rd8 26. Bg5 Kg7 27. Nc7 Ra7
28. Rxb6 d6 29. Rc1 Rd7 30. Bxf6+ Kxf6 31. Rxc5 1-0

[Event "Druzynowe Mistrzostwa Polski - II liga"]
[Site "Dom Wczasowy VIS Jastrzebia Gora"]
[Date "1899-12-30"]
[Round "3.110"]
[White "Strejczek, Marek"]
[Black "Paprocki, Jaroslaw"]
[Result "0-1"]
[WhiteTitle "k"]
[BlackTitle "k++"]
[WhiteElo "2138"]
[BlackElo "2170"]

1. d4 Nf6 2. c4 e6 3. Nc3 Bb4 4. Qc2 d5 5. a3 Bxc3+ 6. Qxc3 dxc4 7. Qxc4 b6 8.
Nf3 Ba6 9. Qc2 Nbd7 10. Bg5 c5 11. Bxf6 gxf6 12. Qa4 Qc8 13. Rc1 Ke7 14. g3 Bb7
15. Bg2 Bc6 16. Qc2 Qb7 17. dxc5 bxc5 18. b4 Be4 19. Qa4 Bc6 20. Qc2 Rac8 21.
bxc5 Be4 22. Qa2 Rxc5 23. O-O Rhc8 24. Rxc5 Rxc5 25. Nh4 a5 26. Bxe4 Qxe4 27.
Qd2 Qc2 28. Rd1 Qxd2 29. Rxd2 Rc3 30. Ra2 Ne5 31. Nf3 Nc4 32. a4 Rc1+ 33. Kg2
Kd6 34. Nd4 Kd5 35. e3 Rb1 36. Kf3 Kc5 37. h4 e5 38. Nc2 Rb2 39. Rxb2 Nxb2 40.
Ke4 Nxa4 41. Kf5 Kc4 42. Kxf6 Kb3 43. Na1+ Kb2 44. g4 Kxa1 45. Kxf7 Nc5 46. f3
Kb2 47. g5 a4 48. h5 a3 49. g6 hxg6 50. hxg6 a2 51. g7 a1=Q 52. g8=Q Qa2+ 53.
Kg7 Qxg8+ 54. Kxg8 Kc3 55. f4 e4 56. Kf7 Kd3 57. f5 Kxe3 58. Ke7 Nd3 59. Kd6 Kf4
60. f6 Ne5 0-1

[Event "Druzynowe Mistrzostwa Polski - II liga"]
[Site "Dom Wczasowy VIS Jastrzebia Gora"]
[Date "1899-12-30"]
[Round "3.111"]
[White "Popiol, Michal"]
[Black "Flis, Pawel"]
[Result "1-0"]
[WhiteTitle "CM"]
[BlackTitle "CM"]
[WhiteElo "2183"]
[BlackElo "1936"]

1. d4 Nf6 2. Nf3 g6 3. g3 Bg7 4. Bg2 O-O 5. O-O d6 6. c4 c5 7. dxc5 dxc5 8. Be3
Qa5 9. Nc3 Nc6 10. Qb3 Ng4 11. Bd2 Qb6 12. Na4 Qxb3 13. axb3 Rb8 14. Nxc5 Bxb2
15. Ra2 Bg7 16. b4 a6 17. b5 axb5 18. cxb5 Nd4 19. Nxd4 Bxd4 20. Bb4 Re8 21. e3
Bxc5 22. Bxc5 b6 23. Bd4 e5 24. Bb2 Bb7 25. Bc6 Bxc6 26. bxc6 Re6 27. Rc1 Rc8
28. c7 Kf8 29. Ra7 Ke8 30. Rd1 Rc6 31. h3 Nxf2 32. Kxf2 Rc2+ 33. Kf3 Rxb2 34.
Rd8+ Rxd8 35. cxd8=Q+ Kxd8 36. Rxf7 Ke8 37. Rxh7 Kf8 38. Ke4 Rb3 39. h4 Rb5 40.
Rb7 Rb3 41. g4 Rb4+ 42. Kxe5 Rxg4 43. Kf6 Ke8 44. Rxb6 Rxh4 45. Kxg6 Rh3 46. e4
Ke7 47. Ra6 1-0

[Event "Druzynowe Mistrzostwa Polski - II liga"]
[Site "Dom Wczasowy VIS Jastrzebia Gora"]
[Date "1899-12-30"]
[Round "3.112"]
[White "Strzelecki, Jerzy"]
[Black "Wolanski, Michal"]
[Result "1/2-1/2"]
[WhiteTitle "k"]
[BlackTitle "I++"]
[WhiteElo "1863"]
[BlackElo "1918"]

1. Nf3 c5 2. c4 Nc6 3. Nc3 g6 4. e3 Nf6 5. d4 cxd4 6. exd4 d5 7. cxd5 Nxd5 8. Qb3
e6 9. Bb5 Bg7 10. O-O O-O 11. Bxc6 bxc6 12. Re1 Qc7 13. Nxd5 cxd5 14. Bd2 Rb8
15. Qa3 Qc6 16. b4 Ba6 17. Qe3 Rbc8 18. Rac1 Bc4 19. a3 Rc7 20. h4 h5 21. Rc3
Qd6 22. Qg5 Qe7 23. Qg3 Rcc8 24. Bg5 Qb7 25. Bf4 Bb5 26. Rc5 Rxc5 27. bxc5 Qa6
28. Re3 Qa4 29. Be5 Bh6 30. Bf4 Bg7 31. Be5 Bh6 32. Bf4 Bg7 1/2-1/2

[Event "Druzynowe Mistrzostwa Polski - II liga"]
[Site "Dom Wczasowy VIS Jastrzebia Gora"]
[Date "1899-12-30"]
[Round "3.113"]
[White "Paprocka, Renata"]
[Black "Posuniak, Weronika"]
[Result "1/2-1/2"]
[WhiteTitle "WFM"]
[BlackTitle "k"]
[WhiteElo "1869"]
[BlackElo "1887"]

1. d4 d5 2. Nf3 Nf6 3. c4 c6 4. Nc3 e6 5. Bg5 Be7 6. e3 Nbd7 7. Rc1 Ne4 8. Nxe4
dxe4 9. Bxe7 Qxe7 10. Nd2 f5 11. c5 O-O 12. Be2 e5 13. O-O Kh8 14. Nc4 exd4 15.
exd4 f4 16. Re1 Qg5 17. Nd6 f3 18. Bf1 fxg2 19. Bc4 Nf6 20. Nf7+ Rxf7 21. Bxf7
Qf4 22. Qb3 Ng4 23. Qg3 Qxf7 24. Rxe4 Nf6 25. Re5 Be6 26. Rce1 Re8 27. Kxg2 h6
28. Qf4 Qg6+ 29. Qg3 Qf7 30. Qf4 Qg6+ 31. Qg3 Qf7 1/2-1/2

[Event "Druzynowe Mistrzostwa Polski - II liga"]
[Site "Dom Wczasowy VIS Jastrzebia Gora"]
[Date "1899-12-30"]
[Round "3.114"]
[White "Gierulski, Kamil"]
[Black "Nowak, Kamil"]
[Result "1/2-1/2"]
[WhiteTitle "k++"]
[BlackTitle "m"]
[WhiteElo "2247"]
[BlackElo "2275"]

1. d4 d5 2. Nf3 Nf6 3. g3 c6 4. Bg2 Bg4 5. h3 Bh5 6. c4 e6 7. O-O Nbd7 8. cxd5
exd5 9. Qb3 Qb6 10. Qe3+ Be7 11. Nh4 Bg6 12. Nxg6 hxg6 13. Nc3 Qd8 14. Qd3 O-O
15. h4 Re8 16. Bf3 Nb6 17. Kg2 Nc8 18. Rh1 Nd6 19. h5 gxh5 20. Bxh5 Nxh5 21. Rxh5
g6 22. Rh3 Bf6 23. g4 Ne4 24. f3 Nd6 25. Bf4 Qe7 26. Rah1 Nc4 27. b3 Nb6 28. e4
dxe4 29. Nxe4 Nd5 30. Bg5 Qe6 31. Bxf6 Nxf6 32. Qd2 Nxe4 33. Rh8+ Kg7 34. R1h7+
Kf6 35. Qf4+ Ke7 36. Qc7+ Kf6 37. Qf4+ Ke7 38. Qc7+ Kf6 39. Qf4+ 1/2-1/2

[Event "Druzynowe Mistrzostwa Polski - II liga"]
[Site "Dom Wczasowy VIS Jastrzebia Gora"]
[Date "1899-12-30"]
[Round "3.115"]
[White "Daniel, Damian"]
[Black "Babiarz, Arkadiusz"]
[Result "1-0"]
[WhiteTitle "CM"]
[BlackTitle "I++"]
[WhiteElo "2163"]
[BlackElo "1938"]

1. d4 d5 2. c4 dxc4 3. Nf3 Nf6 4. e3 e6 5. Bxc4 a6 6. O-O b5 7. Be2 Bb7 8. a4 b4
9. Nbd2 Nbd7 10. Nb3 c5 11. Bd2 cxd4 12. Nfxd4 Be7 13. Rc1 Rc8 14. Rxc8 Qxc8 15.
Qe1 Qa8 16. f3 a5 17. Qg3 O-O 18. Rc1 Nb6 19. Bb5 Rd8 20. e4 Ne8 21. Be3 Nd7 22.
Nc6 Bxc6 23. Bxc6 Qa6 24. Bb5 Qa8 25. Qf2 Bf6 26. Bc6 Qb8 27. Nxa5 Ne5 28. Bb5
Nd3 29. Nc6 Nxf2 30. Nxb8 Bxb2 31. Rb1 Rxb8 32. Kxf2 Bc3 33. Bc5 Nc7 34. Bxb4
Bd4+ 35. Kf1 Nxb5 36. Bd2 h5 37. Rxb5 Rc8 38. Ke2 g6 39. a5 Rc6 40. Kd3 Bg1 41.
Rb8+ Kg7 42. Bc3+ Kh6 43. h4 Rd6+ 44. Kc4 Rc6+ 45. Kb3 1-0

[Event "Druzynowe Mistrzostwa Polski - II liga"]
[Site "Dom Wczasowy VIS Jastrzebia Gora"]
[Date "1899-12-30"]
[Round "3.116"]
[White "Ziemniak, Piotr"]
[Black "Stankiewicz, Pawel"]
[Result "0-1"]
[WhiteTitle "I+"]
[BlackTitle "k"]
[WhiteElo "1816"]
[BlackElo "2101"]

1. e4 c5 2. Nf3 d6 3. d4 cxd4 4. Nxd4 Nf6 5. Nc3 a6 6. Bc4 e6 7. Bb3 b5 8. a3 Nbd7
9. O-O Nc5 10. f4 Qc7 11. Re1 Bb7 12. e5 Nxb3 13. cxb3 Nd5 14. Nxd5 Bxd5 15. Be3
dxe5 16. fxe5 Qxe5 17. Nf3 Qh5 18. Bb6 Bd6 19. Qd4 O-O 20. Qf2 Bxb3 21. Re3 Bd5
22. Bd4 f6 23. Rc3 Rad8 24. Bc5 Bxc5 25. Rxc5 Qg4 26. Rc3 e5 27. h3 Qf4 28. g3
Qf5 29. g4 Qf4 30. Nh4 Qe4 31. Kh2 Bc4 32. Re1 Qd5 33. Kg3 g6 34. Qe3 Rf7 35.
b3 Bd3 36. Rd1 e4 37. Ng2 Qe5+ 0-1

[Event "Druzynowe Mistrzostwa Polski - II liga"]
[Site "Dom Wczasowy VIS Jastrzebia Gora"]
[Date "1899-12-30"]
[Round "3.117"]
[White "Borowski, Przemyslaw"]
[Black "Wasik, Roman"]
[Result "1/2-1/2"]
[WhiteTitle "I"]
[BlackTitle "I"]
[WhiteElo "1889"]
[BlackElo "1387"]

1. e4 d6 2. d4 g6 3. f4 Bg7 4. Nf3 c5 5. d5 Nf6 6. Nc3 O-O 7. e5 Ne8 8. h3 a6 9.
a4 Qc7 10. Qe2 Nd7 11. e6 Ndf6 12. g4 fxe6 13. dxe6 d5 14. f5 d4 15. Nd1 Nd5 16.
Bg2 Qg3+ 17. Nf2 gxf5 18. g5 Nd6 19. O-O Ne3 20. Bxe3 dxe3 21. Nh1 Qf4 22. c3
Bxe6 23. Nd4 Qe5 24. Nxe6 Qxe6 25. Ng3 f4 26. Rad1 Qg6 27. Nh5 Qxg5 28. Nxg7 Qxg7
29. Kh1 Nf5 30. Qc4+ Kh8 31. Rxf4 Ng3+ 32. Kh2 e2 33. Re1 Rxf4 34. Qxf4 Nf1+ 35.
Bxf1 exf1=Q 36. Rxf1 Rg8 37. Qf2 Qe5+ 38. Qf4 Qg7 39. Qf2 Qe5+ 40. Qf4 Qg7 41.
Qf2 Qe5+ 42. Qf4 1/2-1/2

[Event "Druzynowe Mistrzostwa Polski - II liga"]
[Site "Dom Wczasowy VIS Jastrzebia Gora"]
[Date "1899-12-30"]
[Round "3.118"]
[White "Wozniak, Grzegorz"]
[Black "Reichel, Lukasz"]
[Result "0-1"]
[WhiteTitle "I"]
[BlackTitle "I"]
[WhiteElo "1579"]
[BlackElo "1887"]

1. d4 c5 2. e3 cxd4 3. exd4 d5 4. Nf3 Nc6 5. c3 Nf6 6. Bd3 Bg4 7. O-O Qc7 8. Nbd2
e6 9. Re1 Bd6 10. Nf1 O-O 11. Bg5 Nd7 12. Bh4 g6 13. Bg3 Rab8 14. h3 Bxf3 15.
Qxf3 b5 16. a3 a5 17. Rec1 Rfc8 18. Qe3 Kg7 19. Bxd6 Qxd6 20. Nd2 e5 21. dxe5
Ndxe5 22. b4 axb4 23. cxb4 Nc4 24. Bxc4 bxc4 25. Qc3+ Qe5 26. f4 Qxc3 27. Rxc3
Nd4 28. Kf1 Kf6 29. g4 h5 30. Kf2 hxg4 31. hxg4 Rh8 32. Ne4+ dxe4 33. Rxc4 Rh2+
34. Kg3 Rd2 35. g5+ Kg7 36. Re1 Nf5+ 0-1

[Event "Druzynowe Mistrzostwa Polski - II liga"]
[Site "Dom Wczasowy VIS Jastrzebia Gora"]
[Date "1899-12-30"]
[Round "3.119"]
[White "Czaplewska, Klara"]
[Black "Tokarz, Izabela"]
[Result "0-1"]
[WhiteTitle "k+"]
[BlackTitle "I++"]
[WhiteElo "1866"]
[BlackElo "1821"]

1. d4 Nf6 2. g3 d5 3. Bg2 c6 4. Nf3 Bf5 5. O-O h6 6. c4 e6 7. Nc3 Be7 8. b3 O-O
9. Ne5 Nbd7 10. Bf4 Nxe5 11. dxe5 Nd7 12. e4 dxe4 13. Nxe4 g5 14. Be3 Nxe5 15.
Bd4 Ng6 16. Be3 Qxd1 17. Raxd1 Rad8 18. Bxa7 Rxd1 19. Rxd1 Ra8 20. Be3 Rxa2 21.
Nc5 Bc2 22. Rd7 Bxc5 23. Bxc5 Bxb3 24. Be4 f5 25. Rxb7 Bxc4 26. Rb8+ Kf7 27. Rb7+
Kf6 28. Bxc6 Ra1+ 29. Kg2 Bf1+ 30. Kf3 Ne5+ 31. Ke3 Nxc6 32. Rc7 Re1+ 33. Kd2
Re2+ 34. Kd1 Na5 35. Bf8 Nb3 36. Bxh6 Rxf2 37. Ke1 Rf3 38. Rg7 Bd3 0-1

[Event "Druzynowe Mistrzostwa Polski - II liga"]
[Site "Dom Wczasowy VIS Jastrzebia Gora"]
[Date "1899-12-30"]
[Round "3.120"]
[White "Madej, Jaroslaw"]
[Black "Stanisz, Patryk"]
[Result "0-1"]
[WhiteTitle "I+"]
[BlackTitle "CM"]
[WhiteElo "2029"]
[BlackElo "2199"]

1. d4 d5 2. Bf4 Nf6 3. e3 c5 4. c3 e6 5. Nd2 Nc6 6. Ngf3 cxd4 7. exd4 Nh5 8. Be3
Bd6 9. Ne5 g6 10. g4 Ng7 11. h4 h5 12. Bg5 Qb6 13. Bf6 Kf8 14. Qc2 Nxe5 15. dxe5
Be7 16. g5 Rg8 17. Bd3 Bd7 18. a4 Rc8 19. a5 Qc7 20. Nf3 a6 21. Qb3 Bc5 22. Ke2
Ne8 23. Rhc1 Bc6 24. Qc2 Qd7 25. b4 Ba7 26. Nd4 Nc7 27. f4 Nb5 28. Qb2 Ke8 29.
Rc2 Nc7 30. Rd1 Ba4 31. Ra1 Bxc2 32. Bxc2 Nb5 33. Ba4 Nxc3+ 34. Qxc3 Rxc3 35.
Bxd7+ Kxd7 0-1

[Event "Druzynowe Mistrzostwa Polski - II liga"]
[Site "Dom Wczasowy VIS Jastrzebia Gora"]
[Date "1899-12-30"]
[Round "3.121"]
[White "Szmyd, Arkadiusz"]
[Black "Stanek, Piotr"]
[Result "1/2-1/2"]
[WhiteTitle "k"]
[BlackTitle "I"]
[WhiteElo "2073"]
[BlackElo "2020"]

1. e4 c6 2. d4 d5 3. Nc3 g6 4. h3 Bg7 5. Nf3 Nf6 6. e5 Ne4 7. Bd3 Nxc3 8. bxc3
c5 9. O-O Nc6 10. Be3 O-O 11. Qd2 c4 12. Be2 f6 13. Bh6 Qc7 14. Bxg7 Kxg7 15.
exf6+ exf6 16. Nh2 Re8 17. Bf3 Be6 18. Ng4 Bxg4 19. hxg4 Qd7 20. g3 f5 21. g5
Nd8 22. a4 Nf7 23. Rfb1 Re6 24. Rb5 Rd6 25. Rab1 b6 26. a5 Qd8 27. Qe3 Kg8 28.
Bg2 Nxg5 29. axb6 axb6 30. Rxd5 Rxd5 31. Bxd5+ Qxd5 32. Qxg5 Re8 33. Qd2 Qf3 34.
d5 Re2 35. Qd4 f4 36. Qxb6 fxg3 37. Qb8+ Kg7 38. Qxg3 Qxd5 39. Qc7+ Kh6 40. Qh2+
Qh5 41. Qxh5+ Kxh5 42. Rb4 Re4 43. Kg2 Kh4 44. Kf3 Rg4 45. Rb7 h5 46. Rd7 Kg5
47. Rd5+ Kf6 48. Rc5 g5 49. Rc6+ Kf5 50. Rc5+ Ke6 51. Rc6+ Kd5 52. Ra6 Rg1 53.
Ke3 h4 54. Rh6 Ke5 55. Rh8 Rh1 56. Kf3 Rh3+ 57. Kg4 Rxc3 58. Kxg5 Rf3 59. Rxh4
Rf5+ 60. Kg6 Rxf2 1/2-1/2

[Event "Druzynowe Mistrzostwa Polski - II liga"]
[Site "Dom Wczasowy VIS Jastrzebia Gora"]
[Date "1899-12-30"]
[Round "3.122"]
[White "Brylski, Pawel"]
[Black "Kaminski, Piotr"]
[Result "1-0"]
[WhiteTitle "I+"]
[BlackTitle "k"]
[WhiteElo "1971"]
[BlackElo "2037"]

1. e4 c6 2. Nf3 g6 3. d4 Bg7 4. c4 d6 5. Nc3 Qc7 6. Be2 e5 7. h3 Ne7 8. Be3 Nd7
9. Qd2 h6 10. g4 a6 11. d5 c5 12. a3 Nb6 13. Bd3 g5 14. Ne2 Ng6 15. Ng3 Nf4 16.
Nf5 Bxf5 17. gxf5 Bf6 18. Nh2 h5 19. Nf1 O-O-O 20. O-O-O Kb8 21. Kb1 Ka8 22. Ka2
Rb8 23. Ng3 Nd7 24. h4 gxh4 25. Ne2 b5 26. cxb5 axb5 27. Nxf4 exf4 28. Bxf4 b4
29. Bc4 bxa3 30. Bxd6 Qa7 31. b3 Rb4 32. f4 Bd4 33. Qe1 Rxc4 34. bxc4 Qb6 35.
Rb1 Bb2 36. e5 Qa6 37. Qe2 Nb6 38. Bxc5 Na4 39. Rh3 Nxc5 40. d6 Rg8 41. e6 fxe6
42. fxe6 Qxd6 43. e7 Re8 44. Re3 Qxf4 45. Rf1 Qb8 46. Rf8 Nd7 47. Qf3+ Ka7 48.
Rb3 Qxb3+ 49. Qxb3 Rxe7 50. Rf5 Ne5 51. c5 Rd7 52. Qa4+ Kb8 53. Rf8+ Kc7 54. Qa6
1-0

[Event "Druzynowe Mistrzostwa Polski - II liga"]
[Site "Dom Wczasowy VIS Jastrzebia Gora"]
[Date "1899-12-30"]
[Round "3.123"]
[White "Boruta, Dawid"]
[Black "Deren, Marcin"]
[Result "1-0"]
[WhiteTitle "I"]
[BlackTitle "I"]
[WhiteElo "1912"]
[BlackElo "1922"]

1. f4 g6 2. Nf3 Bg7 3. g3 d6 4. Bg2 e5 5. e4 Nc6 6. c3 Nf6 7. d3 O-O 8. O-O h6
9. Na3 Be6 10. f5 Bd7 11. fxg6 fxg6 12. Qb3+ Kh7 13. Qxb7 Na5 14. Qa6 Nc6 15.
Qa4 Rb8 16. Qc2 Qe7 17. Nc4 Be6 18. b3 Rfe8 19. Bd2 Rbd8 20. Rae1 Bc8 21. Nh4
Rf8 22. Ne3 Ba6 23. Nd5 Qd7 24. Be3 Ne7 25. Nxe7 Qxe7 26. c4 c6 27. Kh1 Bc8 28.
b4 Qb7 29. Rb1 Ng4 30. Bg1 Rxf1 31. Bxf1 Rf8 32. h3 Nf6 33. Bg2 Nh5 34. Kh2 Qe7
35. Be3 Be6 36. Qe2 Nf4 37. Qd2 Nxg2 38. Qxg2 Bf6 39. Nf3 Qd7 40. Rf1 Bg7 41.
a4 g5 42. b5 Qc7 43. Bxg5 Rxf3 44. Qxf3 hxg5 45. Qh5+ Bh6 46. Rf6 1-0

[Event "Druzynowe Mistrzostwa Polski - II liga"]
[Site "Dom Wczasowy VIS Jastrzebia Gora"]
[Date "1899-12-30"]
[Round "3.125"]
[White "Gonsior, Monika"]
[Black "Barczyk-telejko, Joanna"]
[Result "1-0"]
[WhiteTitle "m"]
[BlackTitle "I+"]
[WhiteElo "1941"]
[BlackElo "1829"]

1. e4 c5 2. Nf3 e6 3. d4 cxd4 4. Nxd4 Nf6 5. Bd3 a6 6. O-O Nc6 7. Nxc6 dxc6 8.
c4 e5 9. Nc3 Bc5 10. Bg5 h6 11. Bh4 g5 12. Bg3 Qe7 13. Kh1 Ng4 14. Qa4 O-O 15.
Nd1 h5 16. f3 h4 17. Be1 Nh6 18. Bc3 g4 19. fxg4 Bxg4 20. b4 Rad8 21. bxc5 Rxd3
22. Qc2 Rxd1 23. Raxd1 Bxd1 24. Qxd1 Qxc5 25. Qd2 Kh7 26. Bb4 Qxc4 27. Rc1 Rd8
28. Rxc4 1-0

[Event "Druzynowe Mistrzostwa Polski - II liga"]
[Site "Dom Wczasowy VIS Jastrzebia Gora"]
[Date "1899-12-30"]
[Round "3.127"]
[White "Korbal, Arkadiusz"]
[Black "Gondzik, Dawid"]
[Result "1-0"]
[WhiteTitle "k++"]
[BlackTitle "k"]
[WhiteElo "2034"]
[BlackElo "2040"]

1. e4 c5 2. Nf3 Nc6 3. d4 cxd4 4. Nxd4 Nf6 5. Nc3 e6 6. Nxc6 bxc6 7. e5 Nd5 8.
Ne4 f5 9. exf6 Nxf6 10. Nd6+ Bxd6 11. Qxd6 Qb6 12. Bd3 c5 13. Bf4 Bb7 14. O-O-O
Rc8 15. Rhe1 c4 16. Be2 Kf7 17. g4 Bd5 18. Qxb6 axb6 19. g5 Ne8 20. Bg4 Nc7 21.
h4 Rhd8 22. h5 Ne8 23. Be3 Rc6 24. f4 Nd6 25. Bd4 Re8 26. Be5 Rd8 27. f5 Nb7 28.
g6+ hxg6 29. hxg6+ Kg8 30. Rxd5 exd5 31. Bf3 Rc5 32. Bd4 Rb5 33. Re7 Nd6 34. Rxg7+
Kf8 35. Rh7 Nxf5 36. Rf7+ 1-0

[Event "Druzynowe Mistrzostwa Polski - II liga"]
[Site "Dom Wczasowy VIS Jastrzebia Gora"]
[Date "1899-12-30"]
[Round "3.128"]
[White "Lizak, Sebastian"]
[Black "Jaworski, Maciej"]
[Result "1-0"]
[WhiteTitle "I"]
[BlackTitle "k+"]
[WhiteElo "1907"]
[BlackElo "2086"]

1. c4 e6 2. Nc3 d5 3. e3 c6 4. b3 f5 5. Bb2 Nf6 6. Rc1 Bd6 7. cxd5 exd5 8. g3 O-O
9. Bg2 Qe8 10. Nge2 Nbd7 11. O-O Ne5 12. d3 g5 13. e4 f4 14. gxf4 gxf4 15. Nxf4
Nfg4 16. Nce2 Nxh2 17. Kxh2 Ng6 18. e5 Bxe5 19. Bxe5 Qxe5 20. d4 Qd6 21. Rc3 Nxf4
22. Nxf4 Qxf4+ 23. Rg3+ Kh8 24. Re1 Bf5 25. Kg1 Be4 26. Re2 Rg8 27. Ree3 Raf8
28. Qe1 Bxg2 29. Kxg2 Rxg3+ 30. fxg3 Qxd4 31. Re8 Kg7 32. Qe7+ Kg6 33. Rxf8 1-0

[Event "Druzynowe Mistrzostwa Polski - II liga"]
[Site "Dom Wczasowy VIS Jastrzebia Gora"]
[Date "1899-12-30"]
[Round "3.129"]
[White "Matul, Sebastian"]
[Black "Kalkowski, Igor"]
[Result "0-1"]
[WhiteTitle "I"]
[BlackTitle "I++"]
[WhiteElo "1773"]
[BlackElo "1893"]

1. d4 g6 2. Nf3 Bg7 3. g3 Nf6 4. Bg2 O-O 5. O-O d6 6. c4 c6 7. Nc3 Bf5 8. b3 d5
9. cxd5 Ne4 10. Nxe4 Bxe4 11. dxc6 Nxc6 12. Be3 Qd5 13. Qd2 Rfd8 14. Rfd1 Qh5
15. Qe1 Rd5 16. Rac1 Rad8 17. h3 f5 18. Rc5 h6 19. Rxd5 Rxd5 20. Rd2 g5 21. Qc1
e6 22. Qc4 Kh7 23. b4 Qe8 24. a4 a6 25. Bxg5 b5 26. axb5 axb5 27. Qc3 Bxf3 28.
Bxf3 Nxd4 0-1

[Event "Druzynowe Mistrzostwa Polski - II liga"]
[Site "Dom Wczasowy VIS Jastrzebia Gora"]
[Date "1899-12-30"]
[Round "3.130"]
[White "Kwasniewski, Pawel"]
[Black "Derejczyk, Mateusz"]
[Result "0-1"]
[WhiteTitle "I"]
[BlackTitle "II+"]
[WhiteElo "1632"]
[BlackElo "1597"]

1. d4 Nf6 2. c4 e6 3. Nf3 d5 4. cxd5 exd5 5. Bg5 Be7 6. e3 Bf5 7. Bd3 Bxd3 8. Qxd3
O-O 9. O-O c6 10. Nc3 Nbd7 11. Rac1 Ne4 12. Nxe4 dxe4 13. Bxe7 Qxe7 14. Qe2 exf3
15. Qxf3 Nf6 16. h3 Rad8 17. Rc3 Qe4 18. Qd1 Nd5 19. Rb3 Rd7 20. Re1 Qg6 21. Qc1
Re8 22. Qd2 Rde7 23. Rc1 f5 24. Qd1 f4 0-1

[Event "Druzynowe Mistrzostwa Polski - II liga"]
[Site "Dom Wczasowy VIS Jastrzebia Gora"]
[Date "1899-12-30"]
[Round "3.131"]
[White "Zalucka, Emilia"]
[Black "Juchniewicz-jasek, Joanna"]
[Result "1/2-1/2"]
[WhiteTitle "I++"]
[BlackTitle "II"]
[WhiteElo "1541"]
[BlackElo "1281"]

1. e4 c5 2. Nf3 g6 3. d4 cxd4 4. Nxd4 Bg7 5. Nc3 Nc6 6. Be3 Nf6 7. Be2 d6 8. O-O
O-O 9. Nb3 Bd7 10. f4 Rc8 11. Kh1 a6 12. g4 Na5 13. g5 Ne8 14. Nd5 Nc6 15. Bb6
Nc7 16. Bxc7 Rxc7 17. Nxc7 Qxc7 18. c3 b5 19. Nd4 Qb6 20. Nc2 b4 21. f5 Be5 22.
f6 Bh3 23. fxe7 Nxe7 24. Rf3 Bg4 25. Rf1 Bh3 26. Rf3 Be6 27. Nxb4 a5 28. Nd3 Bg7
29. Nf2 Qc5 30. Qd2 d5 31. Nd3 Qd6 32. e5 Qb6 33. Rf2 Nf5 34. Qf4 h6 35. h4 h5
36. Kh2 Qc7 37. Kg1 Rd8 38. Rc1 Qa7 39. Kh2 d4 40. c4 Ne3 41. b3 Bf5 42. Kg1 Qe7
43. e6 Bxe6 44. Ne5 Qa3 45. Re1 Bf5 46. Nc6 Rd7 47. Qb8+ Kh7 48. Bd1 Qc1 49. Rxf5
gxf5 50. Qe8 Rc7 51. Ne7 Rxe7 52. Qxe7 Qd2 53. Rxe3 Qxd1+ 54. Re1 Qg4+ 55. Kf1
Qf3+ 56. Kg1 Qg3+ 57. Kf1 Qf3+ 58. Kg1 1/2-1/2

[Event "Druzynowe Mistrzostwa Polski - II liga"]
[Site "Dom Wczasowy VIS Jastrzebia Gora"]
[Date "1899-12-30"]
[Round "3.132"]
[White "Jakubowski, Jaroslaw"]
[Black "Osinski, Emil"]
[Result "0-1"]
[WhiteTitle "k"]
[BlackTitle "k"]
[WhiteElo "2103"]
[BlackElo "2164"]

1. e4 c5 2. Nf3 Nc6 3. d4 cxd4 4. Nxd4 g6 5. Be2 Bg7 6. Nb3 Nf6 7. Nc3 O-O 8. O-O
b6 9. f4 d6 10. Bf3 Bb7 11. Be3 Nd7 12. Qd2 a5 13. a3 a4 14. Nd4 Na5 15. Be2 Nc5
16. f5 Nxe4 17. Nxe4 Bxe4 18. fxg6 hxg6 19. Bh6 Qc8 20. Bxg7 Kxg7 21. Rf4 d5 22.
Rh4 Rh8 23. Rxh8 Kxh8 24. Qf4 Qc5 25. c3 Nb3 26. Rd1 Kg8 27. Kh1 Nxd4 28. Rxd4
Kg7 29. h4 f6 30. Qg3 e5 31. Rb4 Bc2 32. Rb5 Qc6 33. Qf2 Rb8 34. Kg1 Bb3 35. Rb4
Bc4 36. h5 b5 37. hxg6 Qb6 38. Qxb6 Rxb6 39. Bd1 Ra6 40. Bc2 e4 41. Kf2 f5 42.
Bd1 f4 43. Be2 Ra5 44. Bg4 Kxg6 45. Be2 Kf6 46. Bg4 Ke5 47. g3 e3+ 48. Kg2 fxg3
49. Kxg3 Ra7 0-1